Physics, Vol-1, 5th Ed (Record no. 368847)
[ view plain ]
| 000 -LEADER | |
|---|---|
| fixed length control field | 00300 a2200133 4500 |
| 082 ## - DEWEY DECIMAL CLASSIFICATION NUMBER | |
| Classification number | 530RES |
| 090 ## - LOCALLY ASSIGNED LC-TYPE CALL NUMBER (OCLC); LOCAL CALL NUMBER (RLIN) | |
| -- | 9514 |
| -- | 9514 |
| 100 ## - MAIN ENTRY--PERSONAL NAME | |
| Personal name | Resnick & Halliday |
| 245 ## - TITLE STATEMENT | |
| Title | Physics, Vol-1, 5th Ed |
| 250 ## - EDITION STATEMENT | |
| Edition statement | 5 |
| 260 ## - PUBLICATION, DISTRIBUTION, ETC. | |
| Name of publisher, distributor, etc. | John Wiley & Sons, Inc |
| 500 ## - GENERAL NOTE | |
| General note | CFT textbook |
| 942 ## - ADDED ENTRY ELEMENTS (KOHA) | |
| Institution code [OBSOLETE] | NUST-CAE |
| Call number prefix | 530RES |
| Withdrawn status | Lost status | Damaged status | Not for loan | Permanent Location | Current Location | Date acquired | Total Checkouts | Full call number | Barcode | Date last seen | Price effective from | Koha item type |
|---|---|---|---|---|---|---|---|---|---|---|---|---|
| College of Aeronautical Engineering (CAE) | College of Aeronautical Engineering (CAE) | 03/28/2018 | 530RES | CAE76823 | 03/28/2018 | 03/28/2018 | Book | |||||
| College of Aeronautical Engineering (CAE) | College of Aeronautical Engineering (CAE) | 03/28/2018 | 530RES | CAE76824 | 03/28/2018 | 03/28/2018 | Book | |||||
| College of Aeronautical Engineering (CAE) | College of Aeronautical Engineering (CAE) | 03/28/2018 | 530RES | CAE76825 | 03/28/2018 | 03/28/2018 | Book | |||||
| College of Aeronautical Engineering (CAE) | College of Aeronautical Engineering (CAE) | 03/28/2018 | 530RES | CAE76826 | 03/28/2018 | 03/28/2018 | Book | |||||
| College of Aeronautical Engineering (CAE) | College of Aeronautical Engineering (CAE) | 03/28/2018 | 530RES | CAE76827 | 03/28/2018 | 03/28/2018 | Book | |||||
| College of Aeronautical Engineering (CAE) | College of Aeronautical Engineering (CAE) | 03/28/2018 | 530RES | CAE76816A | 03/28/2018 | 03/28/2018 | Book | |||||
| College of Aeronautical Engineering (CAE) | College of Aeronautical Engineering (CAE) | 03/28/2018 | 530RES | CAE80597 | 03/28/2018 | 03/28/2018 | Book |
